000 00534nam a2200181Ia 4500
999 _c13990
_d13990
003 OSt
005 20201021123147.0
008 190216s9999||||xx |||||||||||||| ||und||
020 _a9780140257571
040 _coclc
082 _a891.44371
_bOSM/G
100 _aOsman, Shaukat
_96017
245 0 _aGod's Adversary And Other Stories /
_cShaukat Osman
260 _bPenguin Books ,
_c1996.
_aNew Delhi:
300 _a200p
650 _aEnglish Stories
942 _cBK
_2ddc
_h891.44371
_iOSM/G
_k891.44371
_mOSM/G